000 00727nam a2200253 i 4500
001 C2-0189536
003 PPAK
005 20180728095650.0
008 981230s1997 my |||| ||||| | eng d
020 _a9676541370
040 _aPPAK
_beng
_cPPAK
_erda
082 0 4 _a658.3
_2 23
090 0 0 _a658.3
_bMAI
_dG
100 0 _aMaimunah Aminuddin,
_eauthor
245 1 2 _aA guide to human resource management :
_battracting and keeping good people
250 _a2nd. ed.
264 1 _aShah Alam, Selangor :
_bFajar Bakti ,
_c1997
300 _avi, 152 pages ;
_c22 cm
336 _2rdacontent
_atext
337 _2rdamedia
_aunmediated
338 _2rdacarrier
_avolume
650 1 0 _aPersonnel management
942 _ddc
_cB
999 _c156234
_d156234